Presidents of Türkiye by Picture - Statistics

General Stats
  • This quiz has been taken 106 times
  • The average score is 9 of 12
Answer Stats
Picture Hint Answer % Correct
1923-1938 Mustafa Kemal Atatürk
100%
1938-1950 İsmet İnönü
95%
2014-Present Recep Tayyip Erdoğan
85%
2007-2014 Abdullah Gül
81%
1950-1960 Celal Bayar
79%
1989-1993 Turgut Özal
78%
1993-2000 Süleyman Demirel
76%
1982-1989 Kenan Evren
73%
2000-2007 Ahmet Necdet Sezer
68%
1960-1966 Cemal Gürsel
64%
1973-1980 Fahri Korutürk
63%
1966-1973 Cevdet Sunay
56%
No matching quizzes found
Score Distribution
Percent of People with Each Score
Percentile by Number Answered
Your Score History
You have not taken this quiz